| 000 | 00688cam a22002054a 4500 | ||
|---|---|---|---|
| 005 | 20250901165247.0 | ||
| 008 | 050902s2007 nyuab b 001 0 eng | ||
| 010 | _a 2005052751 | ||
| 020 | _a0716787245 | ||
| 020 | _a9780716787242 | ||
| 050 | 0 | 0 |
_aQP514.2 _b.S66 2007 |
| 082 | 0 | 0 |
_a572 _222 |
| 100 | 1 |
_aBerg, Jeremy M. _q(Jeremy Mark), _d1958- |
|
| 245 | 1 | 0 |
_aBiochemistry / _cJeremy M. Berg, John L. Tymoczko, Lubert Stryer. |
| 250 | _a6th ed. | ||
| 260 |
_aNew York : _bW.H. Freeman, _cc2007. |
||
| 300 |
_a1 v. (various pagings) : _bill. (some col.), col. maps ; _c29 cm. |
||
| 500 | _aRev. ed. of: Biochemistry / Lubert Stryer. | ||
| 942 |
_2lcc _hQP514.2 .B47 2006 |
||
| 999 |
_c1164 _d1164 |
||